Hľadanie konkurenčnej výhody

Firmy sa v súčasnosti stretávajú s globálnou konkurenciou. Aby dosiahli úspech, snažia sa byť efektívnejšie. Marketing ponúka množstvo riešení problémových situácií na trhu. Analýza marketingových príležitostí na trhu na základe analýzy potrieb zákazníkov. Marketingová strátégia a segmentácia trhu....

Full description

Saved in:
Bibliographic Details
Main Author: Dzurová, Mária
Format: Book Chapter
Language:Slovak
Subjects:
Tags: Add Tag
No Tags, Be the first to tag this record!

MARC

LEADER 00000naa$a2200000$$$4500
001 0053940
005 20240502083137.1
041 0 |a slo 
044 |a CZ 
245 1 0 |a Hľadanie konkurenčnej výhody  |c Mária Dzurová 
520 |a Firmy sa v súčasnosti stretávajú s globálnou konkurenciou. Aby dosiahli úspech, snažia sa byť efektívnejšie. Marketing ponúka množstvo riešení problémových situácií na trhu. Analýza marketingových príležitostí na trhu na základe analýzy potrieb zákazníkov. Marketingová strátégia a segmentácia trhu. Marketingový proces. Kontrola a revidovanie marketingovej činnosti. 
610 2 0 |a firmy 
610 2 0 |a konkurencia medzinárodná 
610 2 0 |a marketing 
610 2 0 |a marketing manažment 
610 2 0 |a plán marketingový 
610 2 0 |a analýza trhu 
610 2 0 |a segmentácia trhu 
610 2 0 |a stratégia marketingová 
610 2 0 |a kontrola 
100 1 |a Dzurová, Mária